000 00685nam a22002417a 4500
003 UA-OsUOA
001 105603
007 ta
008 20140314b un ||||| |||| 00| 0 ukr d
100 _aАндрухович Ю.
090 _a821.161.2
_bА66
942 _cBK
040 _aUA-OsUOA
_bukr
_cUA-OsUOA
_dUA-OsUOA
245 _aДиявол ховається в сирі
_bвибрані спроби 1999 - 2005 років
300 _a319 с.
955 _a3
041 _aukr
080 _a821.161.2
020 _a966-8978-12-9
260 _aК.
_bКритика
_c2007
650 7 _a82 Література. Літературознавство
_2UDC
999 _c391327
_d391327